000 00504nam a2200217Ia 4500
008 210210b1967 xxu||||| |||| 00| 0 eng d
041 _aeng
082 _a823.914 MNAT
100 _aMNACKO (Ladislav)
245 _aTaste of power. Tr by Stevenson
260 _aNew Delhi
_bYoung Asia Publication.,
_c1967
650 _aTr
650 _aTaste
650 _aStevenson
650 _apower:
650 _apower.
650 _aof
650 _aby
690 _aEnglish Fiction
906 _a026717
999 _c142664
_d142664